000 00545nam a2200181Ia 4500
001 24000
005 20260414151014.0
008 260414t2010||||xx |||||||||||||| ||spa||
041 _aESP
082 _a745.209
_bD88
100 _aDomínguez Rendón, Raúl
_eAUT
245 0 _aEl diseño industrial en la sociedad de consumo :
_bsu rol en la configuración funcional y en la representación estética de los artefactos
260 _c2010
300 _a702 páginas :
_c23 cm.
650 _aABD
654 _aCAU
942 _cLIB
_dJUS
_fJUS
_2ddc
_n
999 _c24000
_d24000